Súčasné trendy vo vzdelávaní odbornej a laickej verejnosti v zdravotníckych disciplínach zborník príspevkov : 3. medzinárodná konferencia o problematike výučby odborných predmetov, informačno-komunikačných technológií a cudzích jazykov : Trnava 27. september 2010
Gespeichert in:
| Körperschaften: | , |
|---|---|
| Weitere Verfasser: | , |
| Format: | Buch |
| Sprache: | Slowakisch Englisch Tschechisch |
| Veröffentlicht: |
Trnava
Trnavská univerzita v Trnave
2010
|
| Schlagworte: | |
| Tags: |
Keine Tags, Fügen Sie das erste Tag hinzu!
|
MARC
| LEADER | 00000nlm$a2200000$$$4500 | ||
|---|---|---|---|
| 001 | 0124391 | ||
| 005 | 20240104122040.0 | ||
| 020 | |a 978-80-8082-400-6 | ||
| 041 | 0 | |a slo | |
| 041 | 0 | |a eng | |
| 041 | 0 | |a cze | |
| 044 | |a SK | ||
| 245 | 1 | 0 | |a Súčasné trendy vo vzdelávaní odbornej a laickej verejnosti v zdravotníckych disciplínach |b zborník príspevkov : 3. medzinárodná konferencia o problematike výučby odborných predmetov, informačno-komunikačných technológií a cudzích jazykov : Trnava 27. september 2010 |c recenzenti: Martina Horváthová, Hana Borsuková |
| 264 | 1 | |a Trnava |b Trnavská univerzita v Trnave |c 2010 | |
| 300 | |a CD-ROM | ||
| 610 | 2 | 0 | |a zdravotníctvo |
| 610 | 2 | 0 | |a starostlivosť zdravotná |
| 610 | 2 | 0 | |a manažment |
| 610 | 2 | 0 | |a služby starostlivosti sociálnej |
| 610 | 2 | 0 | |a komunikácia interpersonálna |
| 610 | 2 | 0 | |a komunikácia sociálna |
| 700 | 1 | |a Horváthová, Martina | |
| 700 | 1 | |a Borsuková, Hana | |
| 110 | 2 | |a Súčasné trendy vo vzdelávaní odbornej a laickej verejnosti v zdravotníckych disciplínach. Medzinárodná konferencia | |
| 710 | 2 | |a Trnavská univerzita v Trnave. Fakulta zdravotníctva a sociálnej práce | |